000 00381nam a2200157Ia 4500
008 221030s9999 xx 000 0 und d
020 _a8173173435
041 _aEnglish
082 _a105.23
_bSin
100 _aV. P. Singh
245 0 _aWeb Designing Course
_cby V. P. Singh
260 _bAsia Pub House
_aNew Delhi
_c2000
300 _a608
650 _aBE Computer
942 _cBK
999 _c7278
_d7278